000 00768nam a2200229 i 4500
001 31307
003 ES-MaACL
005 20250808022119.0
007 t|
008 030128s1956 sp ||||1| spa d
100 1 _aBekker, Cajus.
_927104
245 1 0 _aLucha y muerte de la Marina de guerra alemana /
_cCajus Bekker ; [versión española de Ramón Margalef Llambrich].
250 _a1ª ed.
260 _aBarcelona :
_bLuis de Caralt,
_c[1956] (
_fCasal i Vall)
300 _a288 p., 5 lám. ;
_c20 cm.
490 1 _aLa vida vivida
650 0 0 _aGuerra mundial, 1939-1945-
_xOperaciones navales.
_913248
700 1 _aMargalef Llambrich, Ramón.
_976609
830 1 3 _aLa vida vivida
_9180877
852 _aES-MaACL
_jC-11810
999 _c31307
_d31307